| 000 | 01188cam a22003734a 4500 | ||
|---|---|---|---|
| 001 | 14098309 | ||
| 003 | OSt | ||
| 005 | 20140310184423.0 | ||
| 008 | 050906s2005 nyua c 000 1 eng d | ||
| 010 | _a 2005280489 | ||
| 020 | _a0439651360 (pbk.) | ||
| 035 | _a(OCoLC)ocm57626081 | ||
| 040 |
_aWASD _cWASD _dOCoLC _dICtvS _dAkAS _dOCoLC _dDLC |
||
| 042 |
_alcac _alccopycat |
||
| 050 | 0 | 0 |
_aPZ 7 _b.K8369Cgt 2005 |
| 100 | 1 | _aKorman, Gordon. | |
| 245 | 1 | 0 |
_aChasing the Falconers / _cGordon Korman. |
| 260 |
_aNew York : _bScholastic, _c2005. |
||
| 300 |
_a154 p. : _bill. ; _c20 cm. |
||
| 490 | 1 |
_aOn the run ; _vchase #1 |
|
| 521 | 1 | _aG4 | |
| 526 | _c680 | ||
| 650 | 1 |
_aFugitives from justice _vFiction. _926804 |
|
| 650 | 1 |
_aBrothers and sisters _vFiction. _926805 |
|
| 650 | 1 |
_aAdventure and adventurers _vFiction. _926806 |
|
| 655 | 7 |
_aAdventure fiction. _2gsafd _93061 |
|
| 800 | 1 |
_aKorman, Gordon. _tOn the run ; _vchase #1. _926807 |
|
| 906 |
_a7 _bcbc _ccopycat _d2 _encip _f20 _gy-gencatlg |
||
| 942 |
_2lcc _cBK-SCHOLAS |
||
| 999 |
_c34269 _d34269 |
||